000 00326 a2200109 4500
001 ART_38721
005 20260410161646.0
008 260409a
245 1 0 _aAdiós a las DJAI ... se crea el SIMI
100 1 _aJanuszewski, Karina
773 0 _tConsultor tributario
_g- Año 10, Nº 111 (mayo 2016)
_wREV474
999 _c13795
_d13795